| 000 | 00658nam a22001937a 4500 | ||
|---|---|---|---|
| 999 |
_c166347 _d166347 |
||
| 005 | 20190722123755.0 | ||
| 010 | _aENG-126026 | ||
| 020 |
_a9788178442006 _c1495.00 |
||
| 035 | _aEN-109558 | ||
| 037 | _bDBAD/PUB | ||
| 082 | _a303.4 | ||
| 100 | _aHenna Tabassum | ||
| 245 |
_aSociology of change and development / _cby Henna Tabassum |
||
| 260 |
_aNew Delhi _bR.K. Pulblications _c2018 |
||
| 270 |
_a4806/24, Bharat Ram Road, Darya Ganj _bNew Delhi _e110002 _k011-23285167, 65185557 _minfo@kkpublications.com |
||
| 300 |
_aviii,280p. _c25cm(Hb) |
||
| 500 | _aIncludes bibliographical references and index | ||
| 942 |
_2ddc _cEN _h303.4 _mTAB |
||